Energy, the ultimate resource? /

Bibliographic Details
Main Author: Cook, Earl, 1920-1983
Format: Book
Language:English
Published: Washington : Association of American Geographers, [1977]
Series:Resource papers for college geography ; no. 77-4.
Subjects:

MARC

Tag First Indicator Second Indicator Subfields
LEADER 00000cam a2200000 i 4500
001 in00000062454
005 20201128064325.0
008 780425s1977 dcua b 00010 eng
010 |a  77087402  
020 |a 0892911271 
035 |a (OCoLC)03892818 
035 |9 AAF8615AM 
040 |a DLC  |c DLC  |d TXA  |d UtOrBLW 
049 |a TXAM  |c 1 [977974], 2 [1114083] 
050 0 0 |a HD9502.A2  |b C656 
082 0 |a 333.7 
100 1 |a Cook, Earl,  |d 1920-1983. 
245 1 0 |a Energy, the ultimate resource? /  |c Earl Cook. 
264 1 |a Washington :  |b Association of American Geographers,  |c [1977] 
264 4 |c ©1977 
300 |a xi, 32 pages :  |b illustrations ;  |c 28 cm. 
336 |a text  |b txt  |2 rdacontent 
337 |a unmediated  |b n  |2 rdamedia 
338 |a volume  |b nc  |2 rdacarrier 
490 1 |a Resource papers for college geography ;  |v no. 77-4 
504 |a Bibliography: pages 28-32. 
650 0 |a Power resources. 
650 0 |a Energy policy. 
650 0 |a Energy budget (Geophysics) 
830 0 |a Resource papers for college geography ;  |v no. 77-4. 
999 |a MARS 
999 f f |s ca5df855-0e74-3124-8a88-c8e3fde5d439  |i eabd9926-895f-3cc3-b9cf-c0d112946f20  |t 0 
952 f f |p normal  |a Texas A&M University  |b College Station  |c Sterling C. Evans Library  |s Evans stk  |d Evans: Library Stacks  |t 0  |e HD9502.A2 C656  |h Library of Congress classification  |i unmediated -- volume  |m A14802721976 
998 f f |a HD9502.A2 C656  |t 0  |l Evans: Library Stacks